| 000 | 00504nam a2200193Ia 4500 | ||
|---|---|---|---|
| 003 | OSt | ||
| 005 | 20251024091651.0 | ||
| 008 | 210210b1969 xxu||||| |||| 00| 0 eng d | ||
| 040 | _cAL | ||
| 041 | _aeng | ||
| 082 | _a327.73 NEED | ||
| 100 |
_aMartin C Needler _9242600 |
||
| 245 |
_aDimensions of American foreign policy _b: readings and documents |
||
| 260 |
_aMadras _bNot Mentioned _c1969 |
||
| 300 | _avii,327p | ||
| 690 |
_aInternational Relations _9242601 |
||
| 906 | _a030034 | ||
| 942 |
_2ddc _cBK |
||
| 999 |
_c81231 _d81231 |
||